<?xml version="1.0" encoding="UTF-8"?>
<record
    xmlns:xsi="http://www.w3.org/2001/XMLSchema-instance"
    xsi:schemaLocation="http://www.loc.gov/MARC21/slim http://www.loc.gov/standards/marcxml/schema/MARC21slim.xsd"
    xmlns="http://www.loc.gov/MARC21/slim">

  <leader>01321    a2200217   4500</leader>
  <controlfield tag="005">2008092307547.0</controlfield>
  <controlfield tag="008">080923t        xxu||||| |||| 00| 0 hin d</controlfield>
  <datafield tag="010" ind1=" " ind2=" ">
    <subfield code="a">HIN-81401</subfield>
  </datafield>
  <datafield tag="020" ind1=" " ind2=" ">
    <subfield code="a">8190410008</subfield>
    <subfield code="c">300.00</subfield>
  </datafield>
  <datafield tag="035" ind1=" " ind2=" ">
    <subfield code="a">HN-53747</subfield>
  </datafield>
  <datafield tag="037" ind1=" " ind2=" ">
    <subfield code="b">&#x92A;&#x941;.&#x92A;&#x94D;&#x930;.&#x905;.&#x92A;&#x94D;&#x930;/&#x92A;&#x94D;&#x930;&#x915;&#x93E;</subfield>
  </datafield>
  <datafield tag="082" ind1=" " ind2=" ">
    <subfield code="a">820.92</subfield>
  </datafield>
  <datafield tag="100" ind1=" " ind2=" ">
    <subfield code="a">&#x930;&#x93E;&#x92E; &#x92C;&#x941;&#x91D;&#x93E;&#x935;&#x928; &#x938;&#x93F;&#x902;&#x939;</subfield>
  </datafield>
  <datafield tag="245" ind1=" " ind2=" ">
    <subfield code="a">&#x938;&#x93F;&#x926;&#x94D;&#x927;&#x947;&#x936;&#x94D;&#x935;&#x930; &#x935;&#x94D;&#x92F;&#x915;&#x94D;&#x924;&#x93F;&#x924;&#x94D;&#x935; &#x914;&#x930; &#x935;&#x93F;&#x91A;&#x93E;&#x930;</subfield>
    <subfield code="c">&#x930;&#x930;&#x93E;&#x92E; &#x92C;&#x941;&#x91D;&#x93E;&#x935;&#x928; &#x938;&#x93F;&#x902;&#x939;  ;&#x936;&#x93E;&#x939;&#x93F;&#x926; &#x91C;&#x92E;&#x940;&#x932; &#x926;&#x94D;&#x935;&#x93E;&#x930;&#x93E; &#x938;&#x902;&#x92A;&#x93E;&#x926;&#x93F;&#x924;</subfield>
  </datafield>
  <datafield tag="246" ind1=" " ind2=" ">
    <subfield code="a">Sideswar:Vyaktitva Aur Vichar</subfield>
    <subfield code="b">By-Ram Bujhanwan Singh</subfield>
  </datafield>
  <datafield tag="260" ind1=" " ind2=" ">
    <subfield code="a">&#x926;&#x93F;&#x932;&#x94D;&#x932;&#x940;</subfield>
    <subfield code="b">&#x938;&#x930;&#x926;&#x93E;&#x930; &#x92A;&#x91F;&#x947;&#x932; &#x938;&#x93E;&#x939;&#x93F;&#x924;&#x94D;&#x92F; &#x92A;&#x94D;&#x930;&#x915;&#x93E;&#x936;&#x928;</subfield>
    <subfield code="c">2006</subfield>
  </datafield>
  <datafield tag="270" ind1=" " ind2=" ">
    <subfield code="a">'&#x926;&#x943;&#x937;&#x94D;&#x91F;&#x93F;' &#x92F;&#x942;-207 , &#x936;&#x915;&#x930;&#x92A;&#x941;&#x930;, &#x935;&#x93F;&#x915;&#x93E;&#x938; &#x92E;&#x93E;&#x930;&#x94D;&#x917;</subfield>
    <subfield code="b">&#x926;&#x93F;&#x932;&#x94D;&#x932;&#x940;</subfield>
    <subfield code="e">11092</subfield>
    <subfield code="k">011-22059410 , 22530652  9811281443 , 9899238703</subfield>
  </datafield>
  <datafield tag="300" ind1=" " ind2=" ">
    <subfield code="a">272&#x92A;&#x943;</subfield>
    <subfield code="b">(&#x938;&#x91A;&#x93F;&#x924;&#x94D;&#x930;)</subfield>
    <subfield code="c">22 &#x938;&#x947;&#x92E;&#x940;(&#x938;&#x91C;&#x93F;&#x932;&#x94D;&#x926;)</subfield>
  </datafield>
  <datafield tag="942" ind1=" " ind2=" ">
    <subfield code="a">dpl</subfield>
    <subfield code="c">HN</subfield>
    <subfield code="k">820.92 / &#x930;&#x93E;&#x92E;&#x92C;&#x941;</subfield>
    <subfield code="2">ddc</subfield>
    <subfield code="h">820.92 </subfield>
    <subfield code="m">&#x930;&#x93E;&#x92E;&#x92C;&#x941;</subfield>
  </datafield>
  <datafield tag="999" ind1=" " ind2=" ">
    <subfield code="c">8311</subfield>
    <subfield code="d">8311</subfield>
  </datafield>
  <datafield tag="952" ind1=" " ind2=" ">
    <subfield code="0">0</subfield>
    <subfield code="1">0</subfield>
    <subfield code="2">ddc</subfield>
    <subfield code="4">0</subfield>
    <subfield code="7">0</subfield>
    <subfield code="a">DBAD</subfield>
    <subfield code="b">DBAD</subfield>
    <subfield code="d">2008-09-23</subfield>
    <subfield code="g">300.00</subfield>
    <subfield code="l">0</subfield>
    <subfield code="o">820.92  &#x930;&#x93E;&#x92E;&#x92C;&#x941;</subfield>
    <subfield code="p">HN-53747</subfield>
    <subfield code="r">2008-09-15 00:00:00</subfield>
    <subfield code="t">1</subfield>
    <subfield code="u">9226</subfield>
    <subfield code="v">300.00</subfield>
    <subfield code="w">2008-09-15</subfield>
    <subfield code="y">HN</subfield>
  </datafield>
</record>
